Nepál /

Uloženo v:
Hlavní autor: Butler, Stuart (Autor)
Další autoři: Pleva, Vladimír (Autor)
Médium: Kniha
Jazyk:Czech
Vydáno: Brno : Jota, 2026
Vydání:Čtvrté vydání
Edice:Průvodce (Jota)
Témata:
Celkem bylo vypůjčeno:0x
Tagy:
Žádné tagy
LEADER 01903cam a2200505 i 4500
001 106429
003 CZ PrNK
005 20260602080218.0
007 ta
008 260417s2026 xr abe e f 001 0 cze d
015 |a cnb003756080 
020 |a 9788076897694  |q (brožováno) 
040 |a TUG001  |b cze  |d KLG001  |d BOA001  |e rda 
041 1 |a cze  |h eng 
072 7 |a 913(5)  |x Geografie Asie, reálie, cestování  |2 Konspekt  |9 7 
080 |a 913(541.35)  |2 MRF 
080 |a (541.35)  |2 MRF 
080 |a (036)913  |2 MRF 
100 1 |a Butler, Stuart  |7 osa2012688771  |4 aut  |9 25806 
240 1 0 |a Rough guide to Nepal.  |l Česky 
245 1 0 |a Nepál /  |c toto desáté vydání aktualizoval Stuart Butler ; přeložil Vladimír Pleva 
246 1 4 |a Turistický průvodce - Nepál 
250 |a Čtvrté vydání 
264 1 |a Brno :  |b Jota,  |c 2026 
300 |a 426 stran :  |b barevné ilustrace, mapy, plány ;  |c 20 cm 
336 |a text  |b txt  |2 rdacontent 
337 |a bez média  |b n  |2 rdamedia 
338 |a svazek  |b nc  |2 rdacarrier 
490 1 |a Průvodce ;  |v svazek 226 
500 |a Přeloženo z angličtiny 
500 |a Na titulní stránce uvedeno logo původního nakladatelství Rough Guides 
500 |a Chronologický přehled 
500 |a Terminologický slovník 
504 |a Obsahuje bibliografii a rejstřík 
651 7 |a Nepál  |7 ge130158  |x reálie  |2 czenas 
651 9 |a Nepal  |x description and travel  |2 eczenas 
655 7 |a turistické průvodce  |7 fd133738  |2 czenas 
655 9 |a tourist guidebooks  |2 eczenas 
700 1 |a Pleva, Vladimír  |7 jn20001005205  |4 trl  |9 117393 
710 2 |a Nakladatelství Jota  |7 kn20120920011  |4 pbl  |9 117217 
830 0 |a Průvodce (Jota) 
910 |a UOG502 
942 |2 ddc  |c KN 
999 |d 106429 
993 |0 0  |1 421180107143  |2 ddc  |4 0  |6 908_500000000000000  |7 0  |9 99850  |b 0  |c 107143  |d 2026-06-02  |e 0  |f DOSP  |g 908.5  |h 698.00  |i Koupě  |l DOSP  |r 2026-06-02  |t 5  |w 2026-06-02  |y KN  |z NAUCNA  |n